000 00597nam a2200217Ia 4500
003 OSt
005 20220928145607.0
006 a|||||r|||| 00| 0
007 ta
008 220927b |||||||| |||| 00| 0 eng d
024 _a81358
037 _cTextual
040 _aSDCL
_cSDCL
_beng
041 _2eng
_aeng
082 _aB316, K3
100 _aBerge Claude
_9373941
245 0 _aTopological spaces
_b Including a treatment of multi - valued functions vector spaces and convexity.
260 _c1963
942 _hB316, K3
_cTEXL
_2CC
999 _c834216
_d834216